[Event "Calvia Bellon Memorial"]
[Site "Calvia"]
[Date "2018.04.29"]
[Round "5.5"]
[White "Tomas Viver, Marta"]
[Black "Pico Ruiz, Joan Marc"]
[Result "1-0"]
[WhiteElo "1120"]
[BlackElo "1078"]
[PlyCount "55"]
[EventDate "2018.04.27"]
[EventType "swiss"]
[EventRounds "5"]
[EventCountry "ESP"]
[SourceTitle "EXT 2024"]
[Source "ChessBase"]
[SourceDate "2023.10.10"]
[SourceVersion "1"]
[SourceVersionDate "2023.10.10"]
[SourceQuality "1"]

1. d4 d5 2. Nf3 Nc6 3. Bf4 Bf5 4. e3 Nf6 5. Bd3 Bxd3 6. Qxd3 e6 7. Nbd2 Qd7 8. Ne5 Nxe5 9. dxe5 Nh5 10. Bg3 Nxg3 11. hxg3 0-0-0 12. 0-0-0 f6 13. Nf3 fxe5 14. Nxe5 Qd6 15. Nf7 Qd7 16. Nxh8 g6 17. Qd4 b6 18. Qd3 Bg7 19. Rxh7 Bxb2+ 20. Kxb2 Qxh7 21. Nxg6 Qg7+ 22. Kb1 c5 23. Nf4 c4 24. Qg6 Qf8 25. Qxe6+ Rd7 26. Qc6+ Rc7 27. Qa8+ Kd7 28. Qxf8 1-0

[Event "Mallorca-ch School U12"]
[Site "Mallorca"]
[Date "2018.03.16"]
[Round "7.2"]
[White "Antich Fernandez, Marta Isabel"]
[Black "Pico Ruiz, Joan Marc"]
[Result "1-0"]
[WhiteElo "1252"]
[BlackElo "1072"]
[PlyCount "81"]
[EventDate "2018.02.02"]
[EventType "swiss"]
[EventRounds "7"]
[EventCountry "ESP"]
[SourceTitle "EXT 2024"]
[Source "ChessBase"]
[SourceDate "2023.10.10"]
[SourceVersion "1"]
[SourceVersionDate "2023.10.10"]
[SourceQuality "1"]

1. e4 e5 2. Nf3 Nf6 3. Nc3 d5 4. exd5 Nxd5 5. Bc4 Nxc3 6. bxc3 Nc6 7. 0-0 e4 8. Re1 Qe7 9. d3 Bf5 10. dxe4 Bxe4 11. Ng5 Ne5 12. Nxe4 Nxc4 13. Nd2 Ne5 14. Nc4 f6 15. f4 Qc5+ 16. Qd4 Rd8 17. Qxc5 Bxc5+ 18. Kf1 b5 19. Na3 b4 20. Nb1 0-0 21. fxe5 Rde8 22. Bd2 fxe5+ 23. Ke2 Rf2+ 24. Kd1 bxc3 25. Nxc3 Bd4 26. Re2 Bxc3 27. Bxc3 Rd8+ 28. Ke1 Rxe2+ 29. Kxe2 Rd5 30. Re1 Kf7 31. Ke3 Rc5 32. Kd3 Kf6 33. Re4 Kf5 34. g4+ Ke6 35. Rc4 Rxc4 36. Kxc4 g6 37. Ba5 c6 38. Kc5 h5 39. gxh5 gxh5 40. Kxc6 Kf5 41. c4 1-0